Revente de cadeaux de Noël dès le 25 décembre (mort subite) - Statistiques

Statistiques générales
  • Ce quiz a été pris 80 fois
  • Le résultat moyen est 10 sur 16
Answers on the Grid
Answers color-coded by a green-red scale on the quiz's grid according to % correct below.
Gants seconde main
Collier en toc 0 carat
Bonnet de nuit (en laine ou vivant)
Une croisière dans un yacht prêté par un descendant de Childéric 1er
Film de Jean-Luc Grodard
Crème hydratante à l'urine de yéti
Urne funéraire de mamie Suzette
Une invitation chez KKFC avec un poulet
Livre : comment expliquer le prolapsus aux petites filles
Sassanléchiotte (parfum)
Casque anti-bruit de belle-mère quand elle imite l'éléphant
Sucre d'orge sans emballage
Figurine à l'effigie de Vladimir P
Un jet27 privé
Chocolats Noëlidas périmés
Téléphone à ficelle
Chaton de 3 mois
Une activité SPA avec Margot Robbie ou Ryan Gosling
Livre : comment expliquer la manipulation précoce aux petits garçons
Canard en plastique défectueux (sur le bon coin coin)
 
Statistiques - réponses
Réponse % Correct
Bonnet de nuit (en laine ou vivant)
84%
Collier en toc 0 carat
82%
Gants seconde main
81%
Crème hydratante à l'urine de yéti
75%
Figurine à l'effigie de Vladimir P
65%
Livre : comment expliquer le prolapsus aux petites filles
65%
Chocolats Noëlidas périmés
61%
Film de Jean-Luc Grodard
61%
Urne funéraire de mamie Suzette
61%
Sassanléchiotte (parfum)
60%
Sucre d'orge sans emballage
58%
Une invitation chez KKFC avec un poulet
58%
Téléphone à ficelle
56%
Canard en plastique défectueux (sur le bon coin coin)
53%
Casque anti-bruit de belle-mère quand elle imite l'éléphant
51%
Livre : comment expliquer la manipulation précoce aux petits garçons
51%
Aucun quiz correspondant
Distribution des résultats
% des personnes avec chaque résultat
Percentile par nombre de réponses
Votre historique - résultats
Vous n’avez pas pris ce quiz